[Event "VI Moncada Open"]
[Site "Santiago de Cuba CUB"]
[Date "2009.05.23"]
[Round "7"]
[White "Miranda,Y"]
[Black "Cabrera Ladron de Guevara,M"]
[Result "1-0"]
[WhiteElo "2135"]
[BlackElo "1950"]

1.d4 Nf6 2.c4 g6 3.Nc3 Bg7 4.e4 d6 5.Nf3 O-O 6.Be2 e5 7.O-O Nc6 8.d5 Ne7
9.b4 a5 10.Ba3 axb4 11.Bxb4 Nd7 12.a4 h6 13.Nd2 f5 14.a5 Rf6 15.Nb3 Bf8 16.c5 Kh7
17.cxd6 cxd6 18.f3 b6 19.Nb5 Nc5 20.Nxc5 bxc5 21.Bc3 f4 22.Na3 Ba6 23.Bxa6 Rxa6
24.Qd3 Ra8 25.Rfb1 Rf7 26.Rb7 Kg8 27.Rab1 Qe8 28.Nb5 Qd8 29.Nc7 Rc8 30.Ne6 Qe8
31.Qc4 g5 32.a6 Ng6 33.Ba5 g4 34.Rxf7 Qxf7 35.Rb7 Qe8 36.a7 gxf3 37.Qb5 Qxb5
38.Rxb5 Ra8 39.Rb7 fxg2 40.Kxg2 Nh4+ 41.Kf2  1-0

[Event "Lina Grumette Memorial Day Classic"]
[Site "Los Angeles USA"]
[Date "2009.05.24"]
[Round "4"]
[White "Yanayt,E"]
[Black "Bryant,J"]
[Result "0-1"]
[WhiteElo "2207"]
[BlackElo "2292"]

1.Nf3 Nf6 2.c4 g6 3.Nc3 Bg7 4.e4 d6 5.d4 O-O 6.Be2 e5 7.O-O Nc6 8.d5 Ne7
9.Ne1 Ne8 10.Be3 c5 11.Nd3 f5 12.f3 f4 13.Bd2 g5 14.b4 b6 15.bxc5 bxc5 16.Rb1 Nf6
17.Nf2 h5 18.h3 Rf7 19.Rb3 Bf8 20.Nb5 Rg7 21.Ra3 Ng6 22.Ba5 Qe7 23.Bb6 a6
24.Qa4 Rb8 25.Na7 Bd7 26.Qxa6 Qe8 27.Nb5 g4 28.fxg4 hxg4 29.hxg4 Nh4 30.Nc7 Qg6
31.Ne6 Bc8 32.Qa5 Rgb7 33.Bd8 Rb2 34.Bxf6 Qxf6 35.g5 Qe7 36.Bg4 Bxe6 37.Bxe6+ Kh8
38.Qc3 f3 39.g3 Qxg5 40.Bg4 Rxf2 41.Kxf2 Qxg4 42.Rh1 Be7 43.Qc1 Kg8 44.Rh2 Qxe4
45.Re3 Qd4 46.gxh4 Rb2+  0-1

[Event "Subic Open"]
[Site "Subic PHI"]
[Date "2009.05.27"]
[Round "4"]
[White "Irwanto,S"]
[Black "Yu Lie"]
[Result "0-1"]
[WhiteElo "2447"]
[BlackElo "2307"]

1.d4 Nf6 2.Nf3 g6 3.c4 Bg7 4.Nc3 d6 5.e4 O-O 6.Be2 e5 7.O-O Nc6 8.d5 Ne7
9.b4 a5 10.Ba3 Nd7 11.bxa5 Rxa5 12.Bb4 Ra6 13.a4 f5 14.Nd2 Bh6 15.Nb3 Nf6
16.c5 fxe4 17.Bxa6 bxa6 18.Na5 Bg4 19.Qb3 Nf5 20.cxd6 cxd6 21.Nc6 Qd7 22.Qc4 Bf3
23.Nxe5 dxe5 24.Qc6 Qf7 25.Qe6 Rb8 26.gxf3 Rxb4 27.Rab1 Rc4 28.Rb8+ Bf8 29.Nxe4 Nxe4
30.fxe4 Rxe4 31.Rc1 Qxe6 32.dxe6 Kg7 33.Rcc8 Be7 34.Rh8 h5 35.Rbg8+ Kf6 36.Ra8 Rxa4
37.Rh7 a5 38.Ra6 e4 39.h4 Ra1+ 40.Kh2 Bd6+ 41.Kh3 Ra3+ 42.Kg2 Nxh4+ 43.Kf1 Kxe6
44.Rha7 Rf3 45.Ra8 Nf5 46.Re8+ Kd7 47.Rxe4 Ng3+ 48.Kg2 Rxf2+ 49.Kxf2 Nxe4+
50.Ke3 Nf6 51.Rxa5 Ke6 52.Kf3 Be5 53.Kg2 Kf5 54.Kh3 Ne4 55.Kh4 Kf4 56.Ra6 Bf6+
57.Kh3 g5 58.Kg2 g4 59.Ra4 h4 60.Ra3 Bd4  0-1

[Event "Subic Open"]
[Site "Subic PHI"]
[Date "2009.05.28"]
[Round "5"]
[White "Morazo,J"]
[Black "Segarra,R"]
[Result "1-0"]
[WhiteElo "2133"]
[BlackElo "2316"]

1.d4 Nf6 2.c4 g6 3.Nc3 Bg7 4.e4 d6 5.Nf3 O-O 6.Be2 e5 7.O-O Nc6 8.d5 Ne7
9.b4 a5 10.Ba3 Nd7 11.bxa5 Rxa5 12.Bb4 Ra6 13.Nd2 Bh6 14.Nb3 b6 15.a4 f5
16.a5 Nc5 17.axb6 cxb6 18.Rxa6 Nxa6 19.Ba3 Nc5 20.Nxc5 bxc5 21.Bxc5 dxc5
22.d6 Be6 23.dxe7 Qxe7 24.Nd5 Bxd5 25.Qxd5+ Kh8 26.exf5 gxf5 27.Rb1 Rd8 28.Rb7 Rxd5
29.Rxe7 Rd2 30.Rxe5 Bf4 31.Re7 Bd6 32.Re8+ Kg7 33.Kf1 Rb2 34.Bd3 f4 35.Rd8 Be5
36.Rd7+ Kf6 37.Rd5 f3 38.gxf3 Bd4 39.Kg2 Rxf2+ 40.Kg3 Rd2 41.Bxh7 Bf2+ 42.Kg2 Bd4+
43.Kg3 Bf2+ 44.Kf4 Bd4 45.h4 Rh2 46.h5 Rh4+ 47.Kg3 Rh1 48.Be4 Ke6 49.Rf5 Rf1
50.Kf4 Rh1 51.Bd5+ Kd6 52.Kg5 Rg1+ 53.Kh6 Ke7 54.f4 Bf6 55.Rg5 Rf1 56.Rg4 Rf2
57.Kg6 Bc3 58.h6 Rb2 59.f5 Rb6+ 60.Kh5 Bd2 61.Rg7+ Kf8 62.Rf7+ Ke8 63.f6  1-0

[Event "Subic Open"]
[Site "Subic PHI"]
[Date "2009.05.28"]
[Round "6"]
[White "Irwanto,S"]
[Black "Mariano,N2"]
[Result "1-0"]
[WhiteElo "2447"]
[BlackElo "2092"]

1.d4 Nf6 2.c4 g6 3.Nc3 Bg7 4.e4 d6 5.Nf3 O-O 6.Be2 e5 7.O-O Nc6 8.d5 Ne7
9.b4 Kh8 10.c5 Ne8 11.Nd2 f5 12.Nc4 f4 13.a4 Ng8 14.Ba3 Qh4 15.f3 g5 16.Qc1 Qh5
17.Nd1 Qg6 18.Nf2 h5 19.Qd1 Nh6 20.g4 fxg3 21.hxg3 Rg8 22.g4 Bf8 23.Ne3 hxg4
24.fxg4 Nf6 25.Qd3 Be7 26.Kg2 Kg7 27.Rh1 Rf8 28.Nf5+ Bxf5 29.gxf5 Qf7 30.Rhg1 a5
31.b5 Nxd5 32.Qxd5 Qxd5 33.exd5 Nxf5 34.Bd3 Nh4+ 35.Kf1 Rf4 36.cxd6 cxd6
37.Bc1 Rxa4 38.Bxg5 Bxg5 39.Rxg5+ Kf6 40.Rh5 Rxa1+ 41.Ke2 Rh1 42.Nxh1 Ng2
43.Rh6+ Ke7 44.Ng3 Nf4+ 45.Ke3 a4 46.Nf5+ Kf7 47.Nxd6+ Kg7 48.Nf5+ Kf7 49.Bc4 Ra5
50.d6+ Ke8 51.Rh8+ Kd7 52.Rh7+ Kd8 53.Rxb7 a3 54.Ne7 a2 55.Nc6+ Kc8  1-0

[Event "TOP 16 Poule Basse"]
[Site "Le Port Marly FRA"]
[Date "2009.05.30"]
[Round "10"]
[White "Dobrev,Nan"]
[Black "San Emeterio Cabanes,J"]
[Result "1/2-1/2"]
[WhiteElo "2366"]
[BlackElo "2392"]

1.d4 Nf6 2.Nf3 g6 3.c4 Bg7 4.Nc3 O-O 5.e4 d6 6.Be2 e5 7.O-O Nc6 8.d5 Ne7
9.b4 Nh5 10.Re1 f5 11.Ng5 Nf6 12.Bf3 c6 13.Be3 h6 14.Ne6 Bxe6 15.dxe6 g5
16.exf5 Nxf5 17.Qd3 e4 18.Nxe4 Nxe4 19.Bxe4 Bxa1 20.Bxf5 Qf6 21.g4 Be5 22.b5 Rae8
23.bxc6 bxc6 24.Rb1 Rxe6 25.Bxe6+ Qxe6 26.h3 Rf7 27.Rb8+ Kg7 28.Ra8 c5 29.Qb3 d5
30.cxd5 Qf6 31.Qb8 Qf3 32.Qe8 Qd1+ 33.Kg2 Qxd5+ 34.Kg1 Qd1+ 35.Kg2  1/2-1/2

[Event "TOP 16 Poule Haute"]
[Site "Le Port Marly FRA"]
[Date "2009.05.31"]
[Round "11"]
[White "Cossin,S"]
[Black "Aguettaz,M"]
[Result "1/2-1/2"]
[WhiteElo "2471"]
[BlackElo "2396"]

1.d4 Nf6 2.c4 g6 3.Nc3 Bg7 4.e4 d6 5.Nf3 O-O 6.Be2 e5 7.O-O Nc6 8.d5 Ne7
9.Ne1 Ne8 10.Nd3 f5 11.f3 f4 12.c5 h5 13.cxd6 cxd6 14.Bd2 g5 15.Nf2 Rf6 16.h3 Rg6
17.Nb5 g4 18.fxg4 hxg4 19.hxg4 Bf6 20.Rc1 Bh4 21.Rc3 a6 22.Nd4 exd4 23.Rh3 Bg5
24.Nd3 Nf6 25.Nxf4 Rg7 26.Ne6 Bxe6 27.Bxg5 Rxg5 28.Qxd4 Nh7 29.dxe6 Nc6 30.Qc3 Ne5
31.e7 Qxe7 32.Bc4+  1/2-1/2

[Event "3rd ENCI Limburg Open"]
[Site "Maastricht NED"]
[Date "2009.05.31"]
[Round "5"]
[White "Bitalzadeh,A"]
[Black "Beijerinck,N"]
[Result "1-0"]
[WhiteElo "2417"]
[BlackElo "1985"]

1.d4 Nf6 2.c4 g6 3.Nc3 Bg7 4.e4 d6 5.Nf3 O-O 6.Be2 e5 7.O-O Nc6 8.d5 Ne7
9.Ne1 Nd7 10.Nd3 f5 11.Bd2 Nf6 12.f3 f4 13.Rc1 g5 14.c5 Ng6 15.Nb5 Ne8 16.Ba5 b6
17.cxd6 cxd6 18.Bb4 a6 19.Na3 Rf7 20.Qb3 h5 21.Nf2 Bf8 22.Nc4 Rb7 23.h3 a5
24.Bd2 Nf6 25.Rc2 Nd7 26.Qa3 Rc7 27.Rfc1 Ba6 28.Bd3 Rc5 29.b3 Qc8 30.Qb2 Ra7
31.b4 axb4 32.Bxb4 Bxc4 33.Bxc4 Rcc7 34.Rc3 Nc5 35.Bxc5 bxc5 36.Rb3 Rg7 37.Rb1 Nh4
38.Rb8 Qd7 39.Bb5 Qc7 40.Bc6 Qa5 41.Rxf8+  1-0

[Event "Copper State Int"]
[Site "Mesa USA"]
[Date "2009.05.31"]
[Round "5"]
[White "Lenderman,A"]
[Black "Barcenilla,R"]
[Result "1-0"]
[WhiteElo "2434"]
[BlackElo "2503"]

1.d4 Nf6 2.c4 g6 3.Nc3 Bg7 4.e4 d6 5.Nf3 O-O 6.Be2 e5 7.O-O Nc6 8.d5 Ne7
9.Ne1 Nd7 10.Be3 f5 11.f3 f4 12.Bf2 g5 13.Rc1 Rf6 14.Nd3 Rh6 15.c5 a6 16.c6 bxc6
17.dxc6 Nf8 18.Nb4 Qe8 19.Kh1 Ne6 20.Ncd5 Kh8 21.Nxe7 Qxe7 22.Nd5 Qf7 23.Bg1 Nd4
24.Bc4 Be6 25.Qd3 a5 26.b3 Rb8 27.Qd2 Ra8 28.a3 Rh4 29.b4 axb4 30.axb4 Bxd5
31.Bxd5 Qh5 32.Ra1 Rf8 33.Ra7 g4 34.fxg4 Qxg4 35.Bxd4 exd4 36.Rf3 Qc8 37.Qa2 Rh6
38.Qa5 Qg4 39.Qxc7 Rg6 40.Ra2 d3 41.Qe7 Rg5 42.c7 Qh4 43.Rf1 d2 44.Qxf8+  1-0

[Event "ch-UZB"]
[Site "Tashkent UZB"]
[Date "2009.05.31"]
[Round "3"]
[White "Kvon,A"]
[Black "Kasyan,A"]
[Result "1-0"]
[WhiteElo "2425"]
[BlackElo "2305"]

1.d4 Nf6 2.c4 g6 3.Nc3 Bg7 4.e4 d6 5.Nf3 O-O 6.Be2 e5 7.O-O Nc6 8.d5 Ne7
9.b4 a5 10.Ba3 Bd7 11.bxa5 Rxa5 12.Bb4 Ra8 13.a4 Ne8 14.c5 Nc8 15.Qb3 dxc5
16.Bxc5 Ned6 17.Bb5 Re8 18.Nd2 Bf8 19.Bxd7 Qxd7 20.a5 Ra6 21.Ra4 Rd8 22.h3 Bh6
23.Nf3 Re8 24.Rb1 Bf8 25.Nd2 Bh6 26.Nf3 Bf8 27.Raa1 c6 28.Rd1 Qc7 29.Qb4 Kg7
30.Rdb1 Kg8 31.Ne1 f5 32.Nd3 cxd5 33.Nxd5 Qf7 34.f3 Rc6 35.Qb3 Kh8 36.N5b4 Qxb3
37.Rxb3 Rc7 38.Nd5 Rc6 39.Re1 Nxe4 40.fxe4 fxe4 41.Bxf8 exd3 42.Rf1 d2 43.Bh6 Rd6
44.Rbf3 Rdd8 45.Nc3 e4 46.Rf8+ Rxf8 47.Rxf8+ Rxf8 48.Bxf8 e3 49.Kf1  1-0

[Event "National Open"]
[Site "Las Vegas USA"]
[Date "2009.06.05"]
[Round "1"]
[White "Van Wely,L"]
[Black "Yanayt,E"]
[Result "1-0"]
[WhiteElo "2622"]
[BlackElo "2207"]

1.d4 Nf6 2.c4 g6 3.Nc3 Bg7 4.e4 d6 5.Nf3 O-O 6.Be2 e5 7.O-O Nc6 8.d5 Ne7
9.b4 Ne8 10.a4 f5 11.a5 Nf6 12.Nd2 f4 13.c5 g5 14.g4 h5 15.h3 Ng6 16.f3 Kf7
17.Kg2 Rh8 18.Rh1 Rh6 19.Ba3 Bf8 20.Rc1 Be7 21.Nc4 Qf8 22.Nb5 Ne8 23.Qb3 Bd7
24.Nxc7 Nxc7 25.cxd6 Bxd6 26.Nxd6+ Qxd6 27.b5  1-0

[Event "59th ch-RUS w HL"]
[Site "Voronezh RUS"]
[Date "2009.06.05"]
[Round "5"]
[White "Turova,I"]
[Black "Petrova,O"]
[Result "0-1"]
[WhiteElo "2396"]
[BlackElo "2285"]

1.d4 Nf6 2.c4 g6 3.Nc3 Bg7 4.e4 d6 5.Nf3 O-O 6.Be2 e5 7.O-O Nc6 8.d5 Ne7
9.Nd2 Nd7 10.Rb1 f5 11.b4 Nf6 12.f3 Bh6 13.Nb3 f4 14.g4 g5 15.Bd2 Rf7 16.c5 Bf8
17.Rc1 Ng6 18.h3 h5 19.a4 Rh7 20.Kg2 Nh4+ 21.Kf2 Qe8 22.Rg1 Qg6 23.cxd6 cxd6
24.Nb5 hxg4 25.hxg4 Bxg4 26.Nc7 Rc8 27.Ne6 Bxe6 28.dxe6 Rxc1 29.Bxc1 g4 30.Ke1 Kh8
31.Nd2 g3 32.Bc4 d5 33.exd5 Bxb4 34.Qb3 Bc5 35.Bd3 e4 36.Bxe4 Nxe4 37.Nxe4 Bxg1
38.Bb2+ Rg7 39.Qc3 Bd4 40.Qc8+ Kh7 41.e7 Rxe7 42.Qh3 Rxe4+ 43.fxe4 Qxe4+
44.Kd2 Qe3+  0-1

[Event "1st SCS GM Open"]
[Site "Bhubaneswar IND"]
[Date "2009.06.08"]
[Round "2"]
[White "Laxman,R"]
[Black "Meera,S"]
[Result "1-0"]
[WhiteElo "2521"]
[BlackElo "2155"]

1.Nf3 Nf6 2.c4 g6 3.Nc3 Bg7 4.e4 d6 5.d4 O-O 6.Be2 e5 7.O-O Nc6 8.d5 Ne7
9.Ne1 Nd7 10.Nd3 f5 11.exf5 Nxf5 12.Ne4 Nf6 13.Bf3 Nd4 14.Nxf6+ Qxf6 15.Be4 Qh4
16.Re1 Bf5 17.f3 Bh6 18.Bd2 Bxd2 19.Qxd2 Rf7 20.Bxf5 Rxf5 21.Re4 Qf6 22.Rf1 c6
23.dxc6 bxc6 24.f4 Qf7 25.Rc1 Rf8 26.h3 c5 27.fxe5 Rf1+ 28.Kh2 dxe5 29.Rxf1 Qxf1
30.Re1 Qf6 31.Nxc5 Qf2 32.Qxf2 Rxf2 33.Rxe5 Nf3+ 34.Kg3 Nxe5 35.Kxf2 Nxc4
36.b3 Nb6 37.Ke3 Kf7 38.Ke4 Kf6 39.a4 Nc8 40.b4 Ne7 41.Nd7+ Kf7 42.b5 h5
43.Ke5 Nc8 44.Kd5 g5 45.a5 g4 46.hxg4 hxg4 47.Ne5+  1-0

[Event "1st SCS GM Open"]
[Site "Bhubaneswar IND"]
[Date "2009.06.08"]
[Round "3"]
[White "Rahman,Tai"]
[Black "Timoshenko,G"]
[Result "0-1"]
[WhiteElo "2325"]
[BlackElo "2550"]

1.d4 Nf6 2.c4 g6 3.Nc3 Bg7 4.e4 d6 5.Be2 O-O 6.Nf3 e5 7.O-O Nc6 8.d5 Ne7
9.Ne1 Nd7 10.Be3 f5 11.f3 f4 12.Bf2 g5 13.Nb5 b6 14.b4 Nf6 15.c5 a6 16.Nc3 Kh8
17.cxd6 cxd6 18.Rc1 Bd7 19.b5 a5 20.Na4 Rb8 21.Rc6 Nc8 22.Qc2 g4 23.fxg4 Nxg4
24.Bxg4 Bxg4 25.Nf3 Bf6 26.Kh1 Bd7 27.Nb2 Bxc6 28.dxc6 Ra8 29.Rd1 Ra7 30.Na4 Rg7
31.Nc3 Rfg8 32.Bg1 Rxg2 33.Qxg2 Rxg2 34.Kxg2 Qg8+ 35.Kh1 Qc4 36.Rc1 a4 37.Ne2 a3
38.Nd2 Qd3 39.Nb1 d5 40.Re1 d4 41.Nxd4 Bg5 42.Kg2 h5  0-1

[Event "1st SCS GM Open"]
[Site "Bhubaneswar IND"]
[Date "2009.06.09"]
[Round "4"]
[White "Laxman,R"]
[Black "Bitan,B"]
[Result "1/2-1/2"]
[WhiteElo "2521"]
[BlackElo "2301"]

1.Nf3 Nf6 2.c4 g6 3.Nc3 Bg7 4.d4 O-O 5.e4 d6 6.Be2 e5 7.O-O Nc6 8.d5 Ne7
9.b4 Nh5 10.c5 f5 11.Nd2 Nf6 12.f3 f4 13.Nc4 g5 14.a4 Ng6 15.Nb5 Ne8 16.Ba3  1/2-1/2

[Event "XLIV Capablanca Memorial Open"]
[Site "Havana CUB"]
[Date "2009.06.10"]
[Round "3"]
[White "Ortiz Suarez,I"]
[Black "Espinosa,E"]
[Result "1-0"]
[WhiteElo "2493"]
[BlackElo "2395"]

1.d4 Nf6 2.c4 g6 3.Nc3 Bg7 4.e4 d6 5.Nf3 O-O 6.Be2 e5 7.O-O Nc6 8.d5 Ne7
9.Ne1 Nd7 10.f3 f5 11.g4 Kh8 12.Kh1 Ng8 13.gxf5 gxf5 14.Rg1 Bh6 15.Nd3 Bxc1
16.Rxc1 f4 17.Qe1 a5 18.a3 b6 19.b4 Ndf6 20.Qh4 axb4 21.axb4 Qe7 22.Rg5 Ra3
23.Bf1 Ba6 24.Nf2 h6 25.Bh3 Bc8 26.Bxc8 Rxc8 27.Qh3 Rca8 28.Ng4 Ra1 29.Nb1 Nxg4
30.Rxg4 Qh7 31.Rcg1 Nf6 32.Rg6 Qxg6 33.Rxg6 Rxb1+ 34.Rg1 Rxg1+ 35.Kxg1 Kg7
36.c5 bxc5 37.bxc5 Rd8 38.Kf2 Re8 39.Ke2 Re7 40.Kd3 Nd7 41.cxd6 cxd6 42.Kc4 Nf6
43.Kb5 Ne8 44.Kb6 Nf6 45.Qf5 Ne8 46.h4 Rf7 47.Qe6 Rf8 48.Qe7+ Kg8 49.Kc6 Nf6
50.Kxd6 Nxe4+ 51.fxe4 f3 52.Qe6+ Rf7 53.Qh3 f2 54.Qf1 Kf8 55.Kxe5 Ke7 56.Kd4 Rf3
57.e5  1-0

[Event "1st SCS GM Open"]
[Site "Bhubaneswar IND"]
[Date "2009.06.12"]
[Round "8"]
[White "Thejkumar,M"]
[Black "Ramakrishna,J"]
[Result "1-0"]
[WhiteElo "2420"]
[BlackElo "2292"]

1.d4 Nf6 2.Nf3 g6 3.c4 Bg7 4.Nc3 O-O 5.e4 d6 6.Be2 e5 7.O-O Nc6 8.d5 Ne7
9.b4 a5 10.bxa5 Rxa5 11.a4 Re8 12.Nd2 Ra8 13.Nb3 Nd7 14.Be3 f5 15.f3 Bf8
16.a5 f4 17.Bf2 g5 18.Na4 Ng6 19.c5 Nf6 20.cxd6 Bxd6 21.Nac5 Kh8 22.Nd2 h5
23.Nc4 Qe7 24.Nxd6 cxd6 25.Na4 Rxa5 26.Qd2 Ra8 27.Nb6 Rxa1 28.Rxa1 g4 29.Rc1 Qf8
30.Bf1 h4 31.Qc3 g3 32.Be1 Bd7 33.Qc7 Rd8 34.h3 Qe7 35.Qxb7 Ne8 36.Ra1 Nf8
37.Bb5 Qg7 38.Nxd7 Nxd7 39.Ba5  1-0

[Event "13th Master Open"]
[Site "Voronezh RUS"]
[Date "2009.06.13"]
[Round "2"]
[White "Zakhartsov,Vi"]
[Black "Bodnaruk,A"]
[Result "1-0"]
[WhiteElo "2550"]
[BlackElo "2373"]

1.d4 Nf6 2.c4 g6 3.Nc3 Bg7 4.e4 d6 5.Nf3 O-O 6.Be2 e5 7.O-O Nc6 8.d5 Ne7
9.b4 Nh5 10.Re1 f5 11.Ng5 Nf6 12.Bf3 c6 13.b5 cxd5 14.cxd5 h6 15.Ne6 Bxe6
16.dxe6 Rc8 17.Bb2 fxe4 18.Nxe4 Nxe4 19.Rxe4 d5 20.Rxe5 Bxe5 21.Bxe5 Qb6
22.Bb2 Kh7 23.Qe2 d4 24.Rd1 Rcd8 25.Qe4 Qxb5 26.Bxd4 Rf5 27.h4 h5 28.g4 hxg4
29.Bxg4 Rfd5 30.h5 Rg5 31.hxg6+ Kg8 32.Kh2 Qd5 33.Bf6 Rh5+ 34.Kg3 Nf5+ 35.Qxf5 Rxf5
36.Rxd5 Rfxd5 37.e7 Rd3+ 38.Kg2  1-0

[Event "13th Open"]
[Site "Voronezh RUS"]
[Date "2009.06.14"]
[Round "3"]
[White "Demianjuk,A"]
[Black "Aketayeva,D"]
[Result "1/2-1/2"]
[WhiteElo "2330"]
[BlackElo "2254"]

1.d4 Nf6 2.c4 g6 3.Nc3 Bg7 4.e4 d6 5.Nf3 O-O 6.Be2 e5 7.O-O Nc6 8.d5 Ne7
9.b4 Nh5 10.Re1 f5 11.Ng5 Nf6 12.f3 Kh8 13.c5 h6 14.Ne6 Bxe6 15.dxe6 Nc6
16.Bc4 Nd4 17.exf5 gxf5 18.Ne2 Nxe2+ 19.Qxe2 Qe7 20.cxd6 cxd6 21.Bb2 d5 22.Bb3 e4
23.Rad1 Qxe6 24.fxe4 fxe4 25.Bxf6 Qxf6 26.Bxd5 Qb6+ 27.Kh1 e3 28.Bf3 Rae8
29.Rd7 Qxb4 30.Rxb7 Qf4 31.Rf1 Rd8 32.Re7 Rd2 33.Qxe3 Qxe3 34.Rxe3 Rxa2  1/2-1/2

[Event "13th Open"]
[Site "Voronezh RUS"]
[Date "2009.06.14"]
[Round "3"]
[White "Gorshkov,Yuri RUS"]
[Black "Kurayan,R"]
[Result "0-1"]
[WhiteElo "2380"]
[BlackElo "2242"]

1.d4 Nf6 2.c4 g6 3.Nc3 Bg7 4.e4 O-O 5.Be2 d6 6.Nf3 e5 7.O-O Nc6 8.d5 Ne7
9.b4 Nh5 10.Re1 f5 11.Ng5 Nf6 12.f3 Nh5 13.c5 Kh8 14.Bc4 Nf4 15.Ne6 Bxe6
16.dxe6 Nc6 17.Bxf4 exf4 18.Nd5 dxc5 19.bxc5 Qh4 20.Nxc7 Rad8 21.Nd5 Bd4+
22.Kh1 Bxc5 23.Qb3 Bd4 24.Rad1 Rd6 25.Qa3 Rfd8 26.exf5 gxf5 27.e7  0-1

[Event "XXVII Open A"]
[Site "Balatonlelle HUN"]
[Date "2009.06.15"]
[Round "3"]
[White "Sipos,J"]
[Black "Budai,D"]
[Result "1-0"]
[WhiteElo "2220"]
[BlackElo "2321"]

1.d4 Nf6 2.c4 g6 3.Nc3 Bg7 4.e4 d6 5.Be2 O-O 6.Nf3 e5 7.O-O Nc6 8.d5 Ne7
9.Ne1 Nd7 10.Nd3 f5 11.Bd2 Nf6 12.f3 f4 13.c5 g5 14.cxd6 cxd6 15.Nf2 h5 16.Rc1 Ne8
17.Qb3 Rf6 18.Rc2 Rg6 19.h3 a6 20.Rfc1 Nf6 21.Ncd1 b5 22.Qa3 g4 23.fxg4 hxg4
24.Ba5 Qe8 25.hxg4 Nxg4 26.Nxg4 Bxg4 27.Bxg4 Rxg4 28.Qxd6 Rg6 29.Qa3 Rg3
30.Rc3 Rg5 31.d6 Ng6 32.Qb3+  1-0

[Event "13th Open"]
[Site "Voronezh RUS"]
[Date "2009.06.15"]
[Round "4"]
[White "Hudyakov,S"]
[Black "Gorshkov,Yuri RUS"]
[Result "0-1"]
[WhiteElo "2234"]
[BlackElo "2380"]

1.d4 Nf6 2.c4 g6 3.Nc3 Bg7 4.e4 O-O 5.Be2 d6 6.Nf3 e5 7.O-O Nc6 8.d5 Ne7
9.Ne1 Nd7 10.Be3 f5 11.f3 f4 12.Bf2 g5 13.Rc1 Rf6 14.Nd3 Rh6 15.Nb5 b6 16.c5 bxc5
17.b4 a6 18.Na3 Qe8 19.Kh1 Nf6 20.bxc5 g4 21.fxg4 Nxe4 22.Bf3 Ng3+ 23.Bxg3 fxg3
24.h3 Qg6 25.Rc4 Bd7 26.c6 Be8 27.Nc2 Qg5 28.Qc1 Bf6 29.Ne3 Bg6 30.Be4 Rb8
31.Rf3 Rb5 32.a4 Rb8 33.Qe1 Rb3 34.Qd1 Ra3 35.Qb1 Kf7 36.Nf1 Qxg4 37.Rxg3 Rxh3+
38.gxh3 Bxe4+ 39.Kg1 Qe2 40.Rc2 Rxd3 41.Rg2 Qh5 42.Rce2 Qxe2 43.Rxe2 Rg3+
44.Nxg3 Bxb1 45.Rb2 Bd3 46.Rb3 e4 47.Rb7 Nxd5 48.Nf5 Ke6 49.Ne3  0-1

[Event "zt 2.4"]
[Site "Rio de Janeiro BRA"]
[Date "2009.06.16"]
[Round "9"]
[White "Lima,Da"]
[Black "Diamant,A"]
[Result "0-1"]
[WhiteElo "2499"]
[BlackElo "2506"]

1.d4 Nf6 2.Nf3 g6 3.c4 Bg7 4.Nc3 d6 5.e4 O-O 6.Be2 e5 7.O-O Nc6 8.d5 Ne7
9.Bd2 Nd7 10.Rc1 h6 11.Ne1 f5 12.f3 Nf6 13.Bd3 g5 14.c5 g4 15.Be2 gxf3 16.Bxf3 dxc5
17.Be3 b6 18.b4 cxb4 19.Nb5 fxe4 20.d6 exf3 21.dxe7 Qxe7 22.Rxc7 Qe6 23.Qxf3 Bd7
24.Qe2 Nd5 25.Bd2 a6  0-1

[Event "Open"]
[Site "Teplice CZE"]
[Date "2009.06.17"]
[Round "5"]
[White "Likavsky,T"]
[Black "Kovar,V"]
[Result "0-1"]
[WhiteElo "2487"]
[BlackElo "2241"]

1.d4 Nf6 2.c4 g6 3.Nc3 Bg7 4.e4 d6 5.Nf3 O-O 6.Be2 e5 7.O-O Nc6 8.d5 Ne7
9.Ne1 Nd7 10.Nd3 f5 11.Bd2 Nf6 12.f3 f4 13.c5 g5 14.cxd6 cxd6 15.Nf2 h5 16.h3 Kh8
17.Qc2 Neg8 18.Rfc1 Ne8 19.a4 Bf6 20.a5 Nh6 21.a6 bxa6 22.Bxa6 g4 23.Qd3 Bh4
24.hxg4 Nxg4 25.fxg4 Bxf2+ 26.Kxf2 Qh4+ 27.Kg1 f3 28.Nd1 Bxa6 29.Rxa6 f2+
30.Nxf2 Qxf2+ 31.Kh1 hxg4 32.Qe3 Qh4+ 33.Kg1 Rf6 34.Rc3 Nc7 35.Ra1 Nb5 36.Rd3 Nd4
37.Be1 Qh7 38.Rxd4 Raf8 39.Bd2 exd4 40.Qd3 Qh4 41.Be1 Rf1+ 42.Qxf1 Rxf1+
43.Kxf1 g3 44.Ra3 Qh1+ 45.Ke2 Qxg2+ 46.Kd1 Qxb2 47.Rxg3 Qb1+ 48.Kd2 Qxe4
49.Bf2 Qxd5 50.Kd3 Qb5+ 51.Kd2 Qb2+ 52.Ke1 Qc1+ 53.Ke2 Qc2+ 54.Kf3 Qd3+ 55.Kf4 Qd2+
56.Kf3 d5 57.Rg4 Qd1+ 58.Kg3 d3 59.Bd4+ Kh7 60.Rh4+ Kg6 61.Rh2 Qe1+ 62.Kf3 d2  0-1

[Event "Open"]
[Site "Teplice CZE"]
[Date "2009.06.17"]
[Round "5"]
[White "Plischki,S"]
[Black "Janda,Z"]
[Result "1-0"]
[WhiteElo "2363"]
[BlackElo "2135"]

1.d4 Nf6 2.c4 d6 3.Nf3 g6 4.Nc3 Bg7 5.e4 O-O 6.Be2 e5 7.O-O Nc6 8.d5 Ne7
9.Ne1 Ne8 10.f3 f5 11.g4 Kh8 12.h4 Ng8 13.g5 f4 14.Kg2 h5 15.Nd3 Rf7 16.Bd2 Bf8
17.Rg1 c6 18.b4 Ne7 19.Qb3 cxd5 20.cxd5 Qd7 21.Rh1 Ng8 22.Nb2 Be7 23.Rag1 Nc7
24.a4 Qd8 25.Kf1 Bd7 26.Be1 a6 27.a5 Nb5 28.Nxb5 axb5 29.Bf2 Rc8 30.Ke1 Qe8
31.Kd2 Bd8 32.Rc1 Ne7 33.Rxc8 Nxc8 34.Rc1 Kg7 35.Nd1 b6 36.Qa3 bxa5 37.bxa5 Bh3
38.Nc3 Na7 39.Rb1 Rb7 40.a6 Rc7 41.Nxb5 Nxb5 42.Bxb5 Bd7 43.a7  1-0

[Event "13th Master Open"]
[Site "Voronezh RUS"]
[Date "2009.06.17"]
[Round "6"]
[White "Tunik,G"]
[Black "Bodnaruk,A"]
[Result "1-0"]
[WhiteElo "2499"]
[BlackElo "2373"]

1.d4 Nf6 2.c4 g6 3.Nc3 Bg7 4.e4 d6 5.Nf3 O-O 6.Be2 e5 7.O-O Nc6 8.d5 Ne7
9.b4 Nh5 10.Re1 f5 11.Ng5 Nf6 12.Bf3 c6 13.b5 h6 14.Ne6 Bxe6 15.dxe6 fxe4
16.Nxe4 Nxe4 17.Bxe4 d5 18.cxd5 cxd5 19.Ba3 dxe4 20.Qxd8 Rfxd8 21.Bxe7 Re8
22.Bc5 Rxe6 23.Be3 b6 24.a4 Bf8 25.Rec1 Rd8 26.g3 Rd7 27.Rc8 Kf7 28.a5 Rd5
29.Bxb6 Rxb5 30.Rc7+ Kf6 31.Rxa7 Rexb6 32.axb6 Rxb6 33.R7a6 Rxa6 34.Rxa6+ Kf5
35.Rc6 Ba3 36.Rc2 Bb4 37.h3 h5 38.Kf1 Be7 39.Ke2 Bg5 40.Rc4 Bd8 41.Rc6 Be7
42.Rc8 Ba3 43.Ke3 Be7 44.g4+ hxg4 45.hxg4+ Kxg4 46.Kxe4 Bf6 47.Rc5 g5 48.Rc1 Kh3
49.Rg1 Bd8 50.Kf3 Kh2 51.Rg3 Be7 52.Ke2 Bd8 53.Rg4 Kh3 54.f3 e4 55.Rxe4 Bc7
56.Rg4 Bf4 57.Kd3 Bc1 58.Ke4 Bd2 59.Kf5  1-0

[Event "13th Master Open"]
[Site "Voronezh RUS"]
[Date "2009.06.17"]
[Round "6"]
[White "Bykov,Alexe1"]
[Black "Kozganbayev,E"]
[Result "0-1"]
[WhiteElo "2300"]
[BlackElo "2173"]

1.d4 Nf6 2.c4 g6 3.Nc3 Bg7 4.e4 d6 5.Nf3 O-O 6.Be2 e5 7.O-O Nc6 8.d5 Ne7
9.Ne1 Nd7 10.Be3 f5 11.f3 f4 12.Bf2 g5 13.Nd3 Ng6 14.c5 Nf6 15.a4 h5 16.h3 Rf7
17.a5 Ne8 18.c6 bxc6 19.dxc6 Be6 20.Nb4 Bf8 21.Nbd5 Rh7 22.b4 g4 23.fxg4 Qg5
24.Ra3 Rg7 25.Nb1 Ne7 26.b5 Qg6 27.Nbc3 Qh6 28.Nxe7+ Rxe7 29.Nd5 Rh7 30.gxh5 Nf6
31.Nxf6+ Qxf6 32.Rc3 Rg7 33.Bg4 Bxg4 34.hxg4 Be7 35.Rh3 Qh6 36.Qe2 Kh7 37.Bh4 Bxh4
38.Rxh4 Qf6 39.Rh2 Rag8 40.Qb2 Rxg4 41.Kh1 Rg3 42.Qe2 Rb3 43.Rf3 Rb4 44.Rhh3 Qe6
45.Rf1 Rb8 46.h6 R4xb5 47.Qh5 Rg8 48.Qh4 Rb2 49.g3 Rb3 50.Rg1 fxg3 51.Rhxg3 Rbxg3
52.Rxg3 Rxg3 53.Qxg3 Qxh6+ 54.Kg2 Qg6 55.Qxg6+ Kxg6  0-1

[Event "XLIV Capablanca Memorial Open"]
[Site "Havana CUB"]
[Date "2009.06.18"]
[Round "10"]
[White "Clavijo,J"]
[Black "Cori,J"]
[Result "1-0"]
[WhiteElo "2365"]
[BlackElo "2418"]

1.d4 Nf6 2.c4 g6 3.Nc3 Bg7 4.e4 d6 5.Nf3 O-O 6.Be2 e5 7.O-O Nc6 8.d5 Ne7
9.Ne1 Nd7 10.Nd3 f5 11.Bd2 c5 12.Rb1 fxe4 13.Nxe4 Nf6 14.f3 Nf5 15.Ndf2 a5
16.Bd3 Nd4 17.Bg5 Qc7 18.Be3 Nxe4 19.Nxe4 Nf5 20.Bd2 Bd7 21.Qe1 b6 22.g4 Nd4
23.Qh4 Rf7 24.f4 Raf8 25.Ng5 Bf6 26.fxe5 Bxg5 27.Qxg5 dxe5 28.Bxg6 Ne2+ 29.Kg2 hxg6
30.Qxg6+ Rg7 31.Rxf8+ Kxf8 32.Qf6+ Kg8 33.h3 Qc8 34.Bh6 Nf4+ 35.Bxf4 exf4
36.Kf2 Qf8 37.Qxf8+ Kxf8 38.Re1 Rh7 39.Kg2 b5 40.cxb5 Bxb5 41.Rc1 c4 42.Re1 a4
43.a3 Rd7 44.Re5 Rh7 45.Rf5+ Ke8 46.Rxf4 Ke7 47.g5 Kd6 48.Rf6+ Kxd5 49.Rf5+ Kc6
50.g6 Rg7 51.Rf6+ Kd5 52.Rf5+ Kc6 53.Rf6+ Kd5 54.Rf5+ Kc6 55.Rf6+ Kc5 56.h4 c3
57.bxc3 Be2 58.Kf2 Bg4 59.Ke3 Kd5 60.Kf4 Be2 61.Kg5 Re7 62.Rf7 Re5+ 63.Rf5 Rxf5+
64.Kxf5 Kd6 65.Kf6 Kd7 66.h5  1-0

[Event "13th Master Open"]
[Site "Voronezh RUS"]
[Date "2009.06.20"]
[Round "9"]
[White "Demianjuk,A"]
[Black "Kozganbayev,E"]
[Result "1-0"]
[WhiteElo "2330"]
[BlackElo "2173"]

1.d4 Nf6 2.c4 g6 3.Nc3 Bg7 4.e4 d6 5.Nf3 O-O 6.Be2 e5 7.O-O Nc6 8.d5 Ne7
9.b4 Nh5 10.Re1 f5 11.Ng5 Nf6 12.f3 Nh5 13.c5 Bf6 14.Bc4 Kh8 15.Ne6 Bxe6
16.dxe6 f4 17.Ba3 Nc6 18.b5 Nd4 19.Ne2 dxc5 20.Nxd4 cxd4 21.Bxf8 Qxf8 22.Bd5 Ng7
23.Rc1 Qd6 24.Qc2 Bd8 25.Qc5 Ne8 26.Bxb7 Qxc5 27.Rxc5 Rb8 28.Bc6 Ng7 29.Bd7 Rb6
30.Rxe5 Bf6 31.Rc5 d3 32.e5 Be7 33.Rxc7 Nxe6 34.Bxe6 Rxe6 35.Rd1 Rxe5 36.Rxd3  1-0

[Event "Oceania Zonal"]
[Site "Gold Coast AUS"]
[Date "2009.06.24"]
[Round "7"]
[White "Feldman,V"]
[Black "Brown,An"]
[Result "1-0"]
[WhiteElo "2298"]
[BlackElo "2085"]

1.d4 Nf6 2.c4 g6 3.Nc3 Bg7 4.e4 d6 5.Nf3 O-O 6.Be2 e5 7.O-O Nc6 8.d5 Ne7
9.b4 a5 10.Ba3 axb4 11.Bxb4 Nd7 12.a4 Bh6 13.a5 f5 14.Ne1 Kh8 15.Nd3 Ng8
16.c5 dxc5 17.Nxc5 Nxc5 18.Bxc5 Rf7 19.Bc4 Rd7 20.Qe2 f4 21.Rfd1 Bf8 22.Bxf8 Qxf8
23.Qb2 g5 24.Nb5 Qf6 25.d6 cxd6 26.Qb4 Ne7 27.Nxd6 Nc6 28.Qc5 h5 29.a6 Rg7
30.Qb6 Bd7 31.axb7 Rb8 32.Ra8 Qf8 33.Nc8 Bxc8 34.Rxb8 Nxb8 35.Qh6+  1-0